[Event "Buenos Aires La Porta Cup"]
[Site "Buenos Aires"]
[Date "2017.03.31"]
[Round "9"]
[White "Cuenca Jimenez, Jose Fernando"]
[Black "Acosta, Pablo Ismael"]
[Result "1/2-1/2"]
[WhiteElo "2479"]
[BlackElo "2428"]
[PlyCount "173"]
[EventDate "2017.03.25"]
[EventType "swiss"]
[EventRounds "9"]
[EventCountry "ARG"]
[SourceTitle "CBM 177 Extra"]
[Source "ChessBase"]
[SourceDate "2017.04.27"]
[SourceVersion "1"]
[SourceVersionDate "2017.04.27"]
[SourceQuality "1"]

1. e4 c5 2. Nf3 e6 3. d4 cxd4 4. Nxd4 Nc6 5. Nc3 Qc7 6. Be3 a6 7. Bd3 Nf6 8.
O-O Ne5 9. Be2 Bc5 10. a3 O-O 11. Kh1 d6 12. Bg5 Ned7 13. Nb3 b5 14. Nxc5 Qxc5
15. Qd2 Bb7 16. f3 Rac8 17. Bd3 h6 18. Bh4 Rfe8 19. Rad1 d5 20. e5 Nxe5 21.
Bxf6 gxf6 22. Qxh6 f5 23. Ne2 Qf8 24. Qh3 Qg7 25. c3 Rb8 26. Ng3 Kf8 27. Qh4 f6
28. f4 Ng6 29. Qh5 Bc8 30. Rde1 Bd7 31. Qf3 Nh4 32. Qf2 Ng6 33. Ne2 Rbd8 34.
Nd4 Kf7 35. Re3 Rh8 36. g3 Rde8 37. Qg2 Qh6 38. Rf2 Ne5 39. Be2 Kg7 40. Nc2 Nc6
41. Bf3 Qh3 42. Rfe2 Qxg2+ 43. Kxg2 a5 44. Rd2 Rb8 45. Nd4 Nxd4 46. Rxd4 Rhc8
47. Bxd5 exd5 48. Re7+ Kg6 49. Rxd7 b4 50. axb4 axb4 51. Rxb4 Rxb4 52. cxb4
Rc2+ 53. Kh3 Rxb2 54. Rxd5 Rxb4 55. Rd2 Kh5 56. Ra2 Rb3 57. Re2 Ra3 58. Rd2 Rb3
59. Rc2 Ra3 60. Rc8 Ra2 61. Rc6 Kg6 62. Rc1 Rb2 63. Rg1 Rb8 64. Rh1 Kh5 65. Rd1
Rb2 66. Rg1 Rb3 67. Rg2 Rb1 68. Rd2 Rb3 69. Re2 Ra3 70. Kg2 Kg4 71. h3+ Kh5 72.
Re6 Ra2+ 73. Kf3 Ra3+ 74. Re3 Ra5 75. Rb3 Rc5 76. h4 Rc2 77. Rb8 Ra2 78. Rh8+
Kg6 79. h5+ Kg7 80. Rb8 Rh2 81. Rb7+ Kg8 82. Rb8+ Kg7 83. Rb7+ Kg8 84. Ra7 Rxh5
85. Kg2 Kf8 86. Ra5 Kg7 87. Kf3 1/2-1/2

[Event "Mexican op 63rd"]
[Site "Leon"]
[Date "2017.04.11"]
[Round "1"]
[White "Cuenca Jimenez, Jose Fernando"]
[Black "Torres Belman, Noe Isai"]
[Result "1-0"]
[WhiteElo "2477"]
[BlackElo "1982"]
[PlyCount "51"]
[EventDate "2017.04.11"]
[EventType "swiss"]
[EventRounds "9"]
[EventCountry "MEX"]
[SourceTitle "CBM 177 Extra"]
[Source "ChessBase"]
[SourceDate "2017.04.27"]
[SourceVersion "1"]
[SourceVersionDate "2017.04.27"]
[SourceQuality "1"]

1. d4 Nf6 2. c4 Nc6 3. Nf3 e6 4. g3 b6 5. Bg2 Bb4+ 6. Bd2 Qe7 7. O-O Bb7 8. Bc1
d5 9. c5 bxc5 10. a3 Ba5 11. dxc5 Qxc5 12. b4 Nxb4 13. axb4 Bxb4 14. Ne5 Qb6
15. Qa4+ Ke7 16. Na3 a5 17. e4 Rhd8 18. exd5 Nxd5 19. Nac4 Qc5 20. Be3 Nxe3 21.
fxe3 f6 22. Bxb7 fxe5 23. Bxa8 Rxa8 24. Qc2 g6 25. Qe4 Rd8 26. Qh4+ 1-0

[Event "Mexican op 63rd"]
[Site "Leon"]
[Date "2017.04.13"]
[Round "4"]
[White "Cuenca Jimenez, Jose Fernando"]
[Black "Villalba Velazquez, Ander Ivan"]
[Result "1-0"]
[WhiteElo "2477"]
[BlackElo "2188"]
[PlyCount "101"]
[EventDate "2017.04.11"]
[EventType "swiss"]
[EventRounds "9"]
[EventCountry "MEX"]
[SourceTitle "CBM 177 Extra"]
[Source "ChessBase"]
[SourceDate "2017.04.27"]
[SourceVersion "1"]
[SourceVersionDate "2017.04.27"]
[SourceQuality "1"]

1. c4 e5 2. Nc3 Nc6 3. Nf3 Nf6 4. g3 g6 5. Bg2 Bg7 6. O-O O-O 7. d4 exd4 8.
Nxd4 Nxd4 9. Qxd4 d6 10. Qd2 Rb8 11. b3 b6 12. Bb2 Bb7 13. e4 Re8 14. f3 a5 15.
Nb5 Nd7 16. Bxg7 Kxg7 17. Qd4+ Kg8 18. Rad1 Bc6 19. Na7 Bb7 20. Nb5 Bc6 21. Nc3
b5 22. cxb5 Bxb5 23. Rf2 Qf6 24. Qd2 Bc6 25. f4 Qe7 26. e5 Bxg2 27. Kxg2 Nc5
28. Nd5 Qd8 29. Nf6+ Kg7 30. Nxe8+ Qxe8 31. exd6 Qc6+ 32. Qd5 Qxd5+ 33. Rxd5
cxd6 34. Rfd2 a4 35. bxa4 Ra8 36. Rxd6 Ne4 37. Rd8 Ra5 38. R2d4 Nc3 39. Rb4
Nxa4 40. Rdd4 Nc5 41. a4 Ne6 42. Rdc4 Rd5 43. Rc2 g5 44. fxg5 Rxg5 45. Rb5 Rg6
46. Rc4 Nf8 47. a5 Ra6 48. Rg4+ Ng6 49. Ra4 Ne7 50. Rb6 Ra7 51. a6 1-0

[Event "Mexican op 63rd"]
[Site "Leon"]
[Date "2017.04.14"]
[Round "5"]
[White "Cordova, Emilio"]
[Black "Cuenca Jimenez, Jose Fernando"]
[Result "1-0"]
[WhiteElo "2645"]
[BlackElo "2477"]
[PlyCount "89"]
[EventDate "2017.04.11"]
[EventType "swiss"]
[EventRounds "9"]
[EventCountry "MEX"]
[SourceTitle "CBM 177 Extra"]
[Source "ChessBase"]
[SourceDate "2017.04.27"]
[SourceVersion "1"]
[SourceVersionDate "2017.04.27"]
[SourceQuality "1"]

1. Nf3 Nf6 2. g3 g6 3. Bg2 Bg7 4. c4 O-O 5. Nc3 d6 6. d4 Nc6 7. O-O a6 8. h3
Bd7 9. Be3 Rb8 10. a4 a5 11. Qc1 Re8 12. d5 Nb4 13. Rd1 Qc8 14. Kh2 e5 15. c5
dxc5 16. Bxc5 b6 17. Be3 c6 18. dxc6 Bxc6 19. Rd6 Re6 20. Nb5 Bxb5 21. Rxe6
Qxe6 22. Ng5 Qd7 23. axb5 Rc8 24. Qd1 Qxb5 25. Qb3 Rf8 26. Bf3 Nfd5 27. Bd2 h6
28. Ne4 Rd8 29. Be1 Kh7 30. Rd1 a4 31. Rxd5 Rxd5 32. Qxb4 Qxb4 33. Bxb4 Rd8 34.
Nc3 Bf8 35. Bxf8 Rxf8 36. Nxa4 Rb8 37. b4 Kg7 38. Bc6 Kf6 39. e4 Ke7 40. g4 Kd6
41. b5 Kc7 42. Nb2 Rd8 43. Nc4 f6 44. Ne3 Rd2 45. Kg2 1-0

[Event "Mexican op 63rd"]
[Site "Leon"]
[Date "2017.04.15"]
[Round "7"]
[White "Tello Chavez, Isaac Valentino"]
[Black "Cuenca Jimenez, Jose Fernando"]
[Result "1/2-1/2"]
[WhiteElo "2286"]
[BlackElo "2477"]
[PlyCount "116"]
[EventDate "2017.04.11"]
[EventType "swiss"]
[EventRounds "9"]
[EventCountry "MEX"]
[SourceTitle "CBM 177 Extra"]
[Source "ChessBase"]
[SourceDate "2017.04.27"]
[SourceVersion "1"]
[SourceVersionDate "2017.04.27"]
[SourceQuality "1"]

1. d4 d6 2. Bg5 Nd7 3. Nd2 Ngf6 4. Ngf3 e5 5. dxe5 dxe5 6. e4 Be7 7. Bc4 O-O 8.
O-O c6 9. a4 a5 10. c3 Qc7 11. Qc2 Nc5 12. Be3 Ng4 13. Bg5 Nf6 14. Be3 Bd7 15.
b4 Ne6 16. bxa5 Nc5 17. a6 Nxa6 18. Nb3 b5 19. axb5 cxb5 20. Bd3 Ng4 21. Bg5
Bxg5 22. Nxg5 h6 23. Nf3 Nc5 24. Nxc5 Qxc5 25. h3 Nf6 26. Qb2 Ra4 27. Rxa4 bxa4
28. Qb4 Rc8 29. Ra1 Qxc3 30. Qxc3 Rxc3 31. Nxe5 Be8 32. Kf1 Nd7 33. Nxd7 Rxd3
34. Nc5 Rd4 35. f3 Bb5+ 36. Kf2 Rc4 37. Nb7 Rc2+ 38. Kg3 Rc3 39. Kf4 f6 40. Nd6
Bc6 41. e5 fxe5+ 42. Kxe5 Rc5+ 43. Kf4 Kf8 44. Ra3 Ke7 45. Nf5+ Kf6 46. Nd4 Bd7
47. h4 Re5 48. g4 g5+ 49. hxg5+ hxg5+ 50. Kg3 Rd5 51. Ne2 Rd2 52. Nc3 Rd4 53.
Ne4+ Kg6 54. Kf2 Bc6 55. Ke3 Rb4 56. Nc3 Kf6 57. Rxa4 Rxa4 58. Nxa4 Bxa4
1/2-1/2

[Event "Mexican op 63rd"]
[Site "Leon"]
[Date "2017.04.15"]
[Round "8"]
[White "Cuenca Jimenez, Jose Fernando"]
[Black "Blanco Fernandez, Alvaro"]
[Result "1-0"]
[WhiteElo "2477"]
[BlackElo "2241"]
[PlyCount "109"]
[EventDate "2017.04.11"]
[EventType "swiss"]
[EventRounds "9"]
[EventCountry "MEX"]
[SourceTitle "CBM 177 Extra"]
[Source "ChessBase"]
[SourceDate "2017.04.27"]
[SourceVersion "1"]
[SourceVersionDate "2017.04.27"]
[SourceQuality "1"]

1. Nf3 Nf6 2. c4 e6 3. g3 d5 4. d4 Be7 5. Bg2 O-O 6. O-O c6 7. Qc2 b6 8. Nbd2
Bb7 9. e4 Na6 10. e5 Nd7 11. a3 Nc7 12. Rd1 Qb8 13. Nf1 Rc8 14. Ne3 a5 15. b3
c5 16. Bb2 b5 17. dxc5 Bxc5 18. Qe2 bxc4 19. bxc4 Ba6 20. Bd4 Qa7 21. Qa2 Bxd4
22. Nxd4 Nxe5 23. cxd5 Nxd5 24. Nxd5 Bc4 25. Nb5 Bxb5 26. Qb2 Ng4 27. Ne7+ Qxe7
28. Bxa8 Rxa8 29. Qxb5 Qf6 30. Qe2 h5 31. Rab1 Rc8 32. Rb5 g6 33. h3 Nh6 34.
Rxa5 Nf5 35. Qe5 Qe7 36. Qe4 Kh7 37. Ra8 Rxa8 38. Qxa8 Qc7 39. Qf3 e5 40. Kg2
Qc2 41. Re1 f6 42. Qe4 Qc3 43. a4 Kh6 44. Rb1 Qd2 45. Rb6 Kg7 46. Rb7+ Kh6 47.
Rb3 Qd1 48. Qd3 Qe1 49. Rb1 Qa5 50. Qe4 Qd2 51. h4 Qa2 52. Rb6 Kg7 53. Qb7+ Kh6
54. Qa8 Ne3+ 55. Kh3 1-0

[Event "Mexican op 63rd"]
[Site "Leon"]
[Date "2017.04.16"]
[Round "9"]
[White "Hernandez Guerrero, Gilberto Eduardo"]
[Black "Cuenca Jimenez, Jose Fernando"]
[Result "1/2-1/2"]
[WhiteElo "2499"]
[BlackElo "2477"]
[PlyCount "78"]
[EventDate "2017.04.11"]
[EventType "swiss"]
[EventRounds "9"]
[EventCountry "MEX"]
[SourceTitle "CBM 177 Extra"]
[Source "ChessBase"]
[SourceDate "2017.04.27"]
[SourceVersion "1"]
[SourceVersionDate "2017.04.27"]
[SourceQuality "1"]

1. e4 e6 2. d4 d5 3. Nc3 Bb4 4. e5 c5 5. a3 Bxc3+ 6. bxc3 Ne7 7. Nf3 h6 8. a4
Qa5 9. Qd2 O-O 10. Bd3 b6 11. Ba3 Qxa4 12. O-O Qc6 13. dxc5 bxc5 14. c4 dxc4
15. Bxc4 Nf5 16. Bd3 Bb7 17. Rfe1 Nd7 18. Qf4 Rfe8 19. Bxf5 exf5 20. Qxf5 Re6
21. Bb2 a5 22. Rad1 Rae8 23. Ba1 a4 24. Re3 Nb6 25. h3 Nc4 26. Re2 a3 27. Qf4
Nb2 28. Rb1 Qa6 29. Re3 Bd5 30. Nd2 Nc4 31. Rd3 Nxd2 32. Qxd2 a2 33. Re1 Bc4
34. Rd7 Qc6 35. f4 Rg6 36. Rd6 Rxd6 37. exd6 Rxe1+ 38. Qxe1 Qxd6 39. Qc3 Qd4+
1/2-1/2

[Event "Llucmajor op 6th"]
[Site "Llucmajor"]
[Date "2017.05.14"]
[Round "1"]
[White "Cuenca Jimenez, Jose Fernando"]
[Black "Roca Barcelo, Nicolau"]
[Result "1-0"]
[WhiteElo "2478"]
[BlackElo "1862"]
[PlyCount "59"]
[EventDate "2017.05.14"]
[EventType "swiss"]
[EventRounds "9"]
[EventCountry "ESP"]
[SourceTitle "CBM 178 Extra"]
[Source "ChessBase"]
[SourceDate "2017.06.22"]
[SourceVersion "1"]
[SourceVersionDate "2017.06.22"]
[SourceQuality "1"]

1. c4 e5 2. Nc3 Nf6 3. Nf3 Nc6 4. g3 d5 5. cxd5 Nxd5 6. Bg2 Nb6 7. O-O Be6 8.
d3 f6 9. Be3 Be7 10. Na4 Nd5 11. Bc5 O-O 12. Rc1 Rb8 13. a3 Bxc5 14. Nxc5 Qd6
15. b4 Bf7 16. Qc2 Nce7 17. Rfd1 c6 18. d4 exd4 19. Nxd4 Rfe8 20. e4 Nb6 21. f4
Ng6 22. e5 fxe5 23. Nxc6 Qc7 24. Nxb8 Qxb8 25. f5 Ne7 26. Nd7 Qc8 27. Qxc8
Nexc8 28. Bxb7 e4 29. Nxb6 Nxb6 30. Bc6 1-0

[Event "Llucmajor op 6th"]
[Site "Llucmajor"]
[Date "2017.05.14"]
[Round "2"]
[White "Van Hoolandt, Patrick"]
[Black "Cuenca Jimenez, Jose Fernando"]
[Result "0-1"]
[WhiteElo "2145"]
[BlackElo "2478"]
[PlyCount "74"]
[EventDate "2017.05.14"]
[EventType "swiss"]
[EventRounds "9"]
[EventCountry "ESP"]
[SourceTitle "CBM 178 Extra"]
[Source "ChessBase"]
[SourceDate "2017.06.22"]
[SourceVersion "1"]
[SourceVersionDate "2017.06.22"]
[SourceQuality "1"]

1. d4 Nf6 2. c4 g6 3. Nc3 Bg7 4. e4 d6 5. Nf3 O-O 6. Be3 Bg4 7. Be2 Nfd7 8. Ng1
Bxe2 9. Ngxe2 c5 10. O-O cxd4 11. Nxd4 Nc6 12. Rc1 Re8 13. b3 Qa5 14. Re1 a6
15. Nd5 Rac8 16. Bd2 Qxa2 17. Ra1 Qxa1 18. Qxa1 Nxd4 19. Qb1 Nc5 20. b4 Ncb3
21. Bg5 f6 22. Be3 e6 23. Bxd4 Nxd4 24. Ne3 f5 25. exf5 gxf5 26. Qd3 b5 27. h3
f4 28. cxb5 fxe3 29. bxa6 Rc3 30. Qe4 d5 31. Qg4 exf2+ 32. Kxf2 Rc6 33. Ra1 Ra8
34. a7 Rc7 35. b5 Rcxa7 36. Rxa7 Rxa7 37. Qh5 Rf7+ 0-1

[Event "Llucmajor op 6th"]
[Site "Llucmajor"]
[Date "2017.05.15"]
[Round "3"]
[White "Cuenca Jimenez, Jose Fernando"]
[Black "Alonso Garcia, Rene Marcial"]
[Result "1-0"]
[WhiteElo "2478"]
[BlackElo "2346"]
[PlyCount "107"]
[EventDate "2017.05.14"]
[EventType "swiss"]
[EventRounds "9"]
[EventCountry "ESP"]
[SourceTitle "CBM 178 Extra"]
[Source "ChessBase"]
[SourceDate "2017.06.22"]
[SourceVersion "1"]
[SourceVersionDate "2017.06.22"]
[SourceQuality "1"]

1. Nf3 Nf6 2. c4 g6 3. Nc3 Bg7 4. e4 d6 5. d4 O-O 6. Be2 e5 7. d5 a5 8. Bg5 h6
9. Be3 Ng4 10. Bd2 Na6 11. h3 Nf6 12. g4 Nc5 13. Qc2 c6 14. Be3 cxd5 15. cxd5
b6 16. Nd2 Bd7 17. a4 Qe7 18. Nc4 Rfb8 19. f3 Ne8 20. h4 Nc7 21. Na3 Rc8 22. b3
Rab8 23. Bc4 f5 24. gxf5 gxf5 25. O-O-O f4 26. Bxc5 bxc5 27. Rdg1 Kh8 28. Qd2
Be8 29. Ncb5 Bh5 30. Nxc7 Rxc7 31. Rf1 Ra7 32. Bb5 Rg8 33. Nc4 Qd8 34. Rhg1 Ra8
35. Qg2 Qc7 36. Qh3 Raf8 37. Qd7 Qxd7 38. Bxd7 Bf6 39. Bg4 Bxg4 40. Rxg4 Rxg4
41. fxg4 Be7 42. Nxa5 Bxh4 43. Nc4 Be7 44. a5 Kg7 45. Kd2 f3 46. a6 Ra8 47. Ra1
Bg5+ 48. Kd3 f2 49. Ke2 Bh4 50. a7 Bd8 51. Nxd6 Kg6 52. Kxf2 Bb6 53. Ra6 Bxa7
54. Nb5+ 1-0

[Event "Llucmajor op 6th"]
[Site "Llucmajor"]
[Date "2017.05.16"]
[Round "4"]
[White "Goganov, Aleksey"]
[Black "Cuenca Jimenez, Jose Fernando"]
[Result "1-0"]
[WhiteElo "2592"]
[BlackElo "2478"]
[PlyCount "103"]
[EventDate "2017.05.14"]
[EventType "swiss"]
[EventRounds "9"]
[EventCountry "ESP"]
[SourceTitle "CBM 178 Extra"]
[Source "ChessBase"]
[SourceDate "2017.06.22"]
[SourceVersion "1"]
[SourceVersionDate "2017.06.22"]
[SourceQuality "1"]

1. d4 Nf6 2. c4 g6 3. Nc3 Bg7 4. e4 d6 5. h3 O-O 6. Nf3 e5 7. d5 Nh5 8. g3 Na6
9. Be3 f5 10. exf5 gxf5 11. Ng5 Qe8 12. Be2 Nf6 13. Qd2 Nc5 14. O-O-O h6 15.
Bxc5 hxg5 16. Ba3 Qg6 17. Qc2 b6 18. g4 Ne4 19. Nxe4 fxe4 20. f3 Rf4 21. Bb4
Bd7 22. Bd2 Rf7 23. Qxe4 Qxe4 24. fxe4 Bf6 25. h4 Be7 26. hxg5 Rg7 27. Rh5 Be8
28. Rh6 Bg6 29. Rdh1 Rf8 30. c5 Rf2 31. cxb6 axb6 32. Rh8+ Kf7 33. Bd3 Rg8 34.
R8h2 Rxh2 35. Rxh2 Ra8 36. a3 Ra4 37. Re2 Kg7 38. Bc2 Ra8 39. Bd3 Be8 40. Rh2
Bd7 41. Be2 Ra4 42. Rh6 Ra8 43. b3 Rg8 44. a4 Kf7 45. Rh5 Kf8 46. b4 Kg7 47. a5
bxa5 48. bxa5 Ra8 49. Rh3 c5 50. a6 Bd8 51. Rh6 Be7 52. g6 1-0

[Event "Llucmajor op 6th"]
[Site "Llucmajor"]
[Date "2017.05.17"]
[Round "5"]
[White "Cuenca Jimenez, Jose Fernando"]
[Black "Oms Fuentes, Lluis"]
[Result "1-0"]
[WhiteElo "2478"]
[BlackElo "2312"]
[PlyCount "149"]
[EventDate "2017.05.14"]
[EventType "swiss"]
[EventRounds "9"]
[EventCountry "ESP"]
[SourceTitle "CBM 178 Extra"]
[Source "ChessBase"]
[SourceDate "2017.06.22"]
[SourceVersion "1"]
[SourceVersionDate "2017.06.22"]
[SourceQuality "1"]

1. d4 f5 2. Nc3 Nf6 3. Bg5 d5 4. e3 e6 5. Nf3 Be7 6. Bd3 O-O 7. O-O Ne4 8. Bxe7
Qxe7 9. Ne2 Nd7 10. c4 c6 11. Rc1 Nd6 12. Qb3 Nf6 13. Nf4 Nf7 14. h4 Ne4 15. g3
Nh6 16. Qa3 Qxa3 17. bxa3 Nf6 18. Rc2 Nf7 19. Rb1 Re8 20. Be2 Ne4 21. Nd3 Re7
22. c5 Rc7 23. Nde5 g6 24. Kg2 Kg7 25. a4 h6 26. a5 a6 27. Nxf7 Rxf7 28. Ne5
Rc7 29. f3 Nf6 30. g4 Nd7 31. Nd3 Nf8 32. Rcb2 Ra7 33. Ne5 Nd7 34. Nd3 Nf8 35.
Kg3 Kf6 36. Ne5 Kg7 37. Rg1 Bd7 38. Bd3 Be8 39. Kh2 Kf6 40. g5+ hxg5 41. hxg5+
Kg7 42. Bb1 Kg8 43. Kg3 Rh7 44. Rh2 Rxh2 45. Kxh2 Ra8 46. Kg3 Rc8 47. Kf4 Rc7
48. Bd3 Rh7 49. Rb1 Rh4+ 50. Kg3 Rh7 51. Be2 Rc7 52. Kf4 Kg7 53. Bd3 Kg8 54.
Rb6 Bd7 55. Bxa6 bxa6 56. Rxa6 Rb7 57. Rb6 Ra7 58. a6 Bc8 59. Nxc6 e5+ 60. Kg3
f4+ 61. exf4 exf4+ 62. Kg2 Rxa6 63. Ne7+ Kf7 64. Nxc8 Rxa2+ 65. Kh3 Ne6 66.
Nd6+ Ke7 67. Rb7+ Kf8 68. Rf7+ Kg8 69. Rf6 Nxd4 70. Rxg6+ Kh7 71. Rh6+ Kg8 72.
Kg4 Rc2 73. Nf5 Ne2 74. Rc6 d4 75. g6 1-0

[Event "Llucmajor op 6th"]
[Site "Llucmajor"]
[Date "2017.05.18"]
[Round "6"]
[White "Galiana Fernandez, Adrian"]
[Black "Cuenca Jimenez, Jose Fernando"]
[Result "0-1"]
[WhiteElo "2216"]
[BlackElo "2478"]
[PlyCount "80"]
[EventDate "2017.05.14"]
[EventType "swiss"]
[EventRounds "9"]
[EventCountry "ESP"]
[SourceTitle "CBM 178 Extra"]
[Source "ChessBase"]
[SourceDate "2017.06.22"]
[SourceVersion "1"]
[SourceVersionDate "2017.06.22"]
[SourceQuality "1"]

1. e4 e6 2. d4 d5 3. Nc3 Bb4 4. e5 c5 5. a3 Bxc3+ 6. bxc3 Ne7 7. Nf3 h6 8. a4
O-O 9. Ba3 b6 10. Bd3 Qc7 11. O-O Ba6 12. c4 Bxc4 13. dxc5 bxc5 14. Bxc4 dxc4
15. Qe2 Nd7 16. Rfe1 c3 17. Qd3 Nd5 18. Re4 Rab8 19. Rae1 Rb6 20. h4 Qb7 21. h5
Rb1 22. Bc1 Nb4 23. Qe2 Qa6 24. Qxa6 Nxa6 25. Rc4 Rb4 26. Rxc3 Rxa4 27. Ra3
Rxa3 28. Bxa3 Nb6 29. Ra1 Rc8 30. Kf1 Nb4 31. c3 N4d5 32. Nd2 Nxc3 33. Bb2 Nca4
34. Bc1 c4 35. Ke2 Nc3+ 36. Ke3 Nbd5+ 37. Kd4 Nb5+ 38. Ke4 c3 39. Nb3 c2 40.
Nd2 f5+ 0-1

[Event "Llucmajor op 6th"]
[Site "Llucmajor"]
[Date "2017.05.19"]
[Round "7"]
[White "Cuenca Jimenez, Jose Fernando"]
[Black "Hera, Imre Jr"]
[Result "1/2-1/2"]
[WhiteElo "2478"]
[BlackElo "2618"]
[PlyCount "43"]
[EventDate "2017.05.14"]
[EventType "swiss"]
[EventRounds "9"]
[EventCountry "ESP"]
[SourceTitle "CBM 178 Extra"]
[Source "ChessBase"]
[SourceDate "2017.06.22"]
[SourceVersion "1"]
[SourceVersionDate "2017.06.22"]
[SourceQuality "1"]

1. d4 Nf6 2. c4 e6 3. Nf3 d5 4. g3 Bb4+ 5. Bd2 Be7 6. Bg2 O-O 7. O-O Nbd7 8.
Qc2 c6 9. Bf4 b6 10. Rd1 Ba6 11. Ne5 Rc8 12. cxd5 Nxd5 13. Nc3 Nxe5 14. Bxe5 f6
15. Bf4 Nxf4 16. gxf4 f5 17. Qa4 Bb7 18. Qxa7 Qc7 19. Nb5 Qd7 20. Nc3 Qc7 21.
Nb5 Qd7 22. Nc3 1/2-1/2

[Event "Llucmajor op 6th"]
[Site "Llucmajor"]
[Date "2017.05.20"]
[Round "8"]
[White "Romanov, Evgeny"]
[Black "Cuenca Jimenez, Jose Fernando"]
[Result "0-1"]
[WhiteElo "2636"]
[BlackElo "2478"]
[PlyCount "96"]
[EventDate "2017.05.14"]
[EventType "swiss"]
[EventRounds "9"]
[EventCountry "ESP"]
[SourceTitle "CBM 178 Extra"]
[Source "ChessBase"]
[SourceDate "2017.06.22"]
[SourceVersion "1"]
[SourceVersionDate "2017.06.22"]
[SourceQuality "1"]

1. g3 g6 2. Bg2 Bg7 3. e4 c5 4. Ne2 Nc6 5. c3 e5 6. Na3 Nge7 7. Nc4 d5 8. exd5
Nxd5 9. d3 O-O 10. O-O Bf5 11. Re1 Nb6 12. Nxb6 axb6 13. Be4 Be6 14. Be3 Qd6
15. Qd2 Rfd8 16. Red1 Rxa2 17. Rxa2 Bxa2 18. c4 Bb3 19. Rc1 Nb4 20. Rc3 Ba4 21.
Bxb7 e4 22. Bxe4 Bxc3 23. bxc3 Nxd3 24. Bg5 Ne5 25. Qf4 Qd1+ 26. Kg2 Re8 27.
Ng1 Qg4 28. Bd5 Qxf4 29. gxf4 Nd3 30. Nf3 Ne1+ 31. Nxe1 Rxe1 32. Bd8 Rb1 33. f5
gxf5 34. Kg3 Bb3 35. Kf4 b5 36. Kxf5 Bxc4 37. Bxc4 bxc4 38. h4 Re1 39. Bf6 Kf8
40. f4 Ke8 41. h5 Rh1 42. Kg5 Kd7 43. f5 Rg1+ 44. Kh6 Rf1 45. Kg5 h6+ 46. Kg4
Kd6 47. Bh8 Kd5 48. f6 Ke5 0-1

[Event "Llucmajor op 6th"]
[Site "Llucmajor"]
[Date "2017.05.21"]
[Round "9"]
[White "Cuenca Jimenez, Jose Fernando"]
[Black "Postny, Evgeny"]
[Result "1-0"]
[WhiteElo "2478"]
[BlackElo "2588"]
[PlyCount "69"]
[EventDate "2017.05.14"]
[EventType "swiss"]
[EventRounds "9"]
[EventCountry "ESP"]
[SourceTitle "CBM 178 Extra"]
[Source "ChessBase"]
[SourceDate "2017.06.22"]
[SourceVersion "1"]
[SourceVersionDate "2017.06.22"]
[SourceQuality "1"]

1. Nf3 d5 2. d4 Nf6 3. c4 c6 4. e3 Bf5 5. Nc3 e6 6. Bd3 Bg6 7. Qe2 Bb4 8. Bd2
Nbd7 9. O-O Bxc3 10. Bxc3 O-O 11. Bxg6 hxg6 12. Nd2 Re8 13. e4 dxe4 14. Nxe4
Nxe4 15. Qxe4 Qg5 16. Rad1 Qf5 17. Rfe1 Qxe4 18. Rxe4 b5 19. cxb5 cxb5 20. d5
e5 21. Rb4 Reb8 22. a4 bxa4 23. Rxa4 Rb5 24. d6 Rb6 25. f4 exf4 26. Rxf4 Rb5
27. Re1 g5 28. Rfe4 Kf8 29. Re7 Rd8 30. Ra1 Rb7 31. Ba5 Re8 32. Rxe8+ Kxe8 33.
Re1+ Kf8 34. Re7 Nc5 35. Rc7 1-0

[Event "POR-chT"]
[Site "Leiria"]
[Date "2017.07.17"]
[Round "1.3"]
[White "Cuenca Jimenez, Jose Fernando"]
[Black "Fier, Alexandr"]
[Result "1-0"]
[WhiteElo "2498"]
[BlackElo "2589"]
[PlyCount "89"]
[EventDate "2017.07.17"]
[EventType "team-tourn"]
[EventRounds "9"]
[EventCountry "POR"]
[SourceTitle "CBM 179 Extra"]
[Source "ChessBase"]
[SourceDate "2017.08.23"]
[SourceVersion "1"]
[SourceVersionDate "2017.08.23"]
[SourceQuality "1"]
[WhiteTeam "Mata de Benfica"]
[BlackTeam "Portugal/Atlantidiagonal"]
[WhiteTeamCountry "POR"]
[BlackTeamCountry "POR"]

1. d4 Nf6 2. c4 g6 3. Nc3 Bg7 4. e4 O-O 5. Nf3 d6 6. Be2 e5 7. d5 a5 8. Bg5 h6
9. Be3 Ng4 10. Bd2 f5 11. h3 Nf6 12. exf5 gxf5 13. Qc1 f4 14. g3 e4 15. Nh4 e3
16. fxe3 fxg3 17. Ng6 Re8 18. Rg1 Bf5 19. Rxg3 Nbd7 20. Nf4 Nc5 21. Bf3 Nfd7
22. Ke2 Kh7 23. Qg1 Be5 24. Bg4 Bxg4+ 25. Rxg4 Bxf4 26. Rg7+ Kh8 27. Qg6 Nf6
28. Rf1 Re7 29. Rxe7 Qxe7 30. Rxf4 Rf8 31. Qxh6+ Kg8 32. Qg6+ Qg7 33. Qxg7+
Kxg7 34. Nb5 Nce4 35. Nxc7 Rc8 36. Ne6+ Kg6 37. Kd3 Nxd2 38. Kxd2 Nd7 39. b3 a4
40. Nd4 axb3 41. axb3 Nc5 42. b4 Na6 43. Kc3 Re8 44. Ne6 b6 45. Rf8 1-0

[Event "POR-chT"]
[Site "Leiria"]
[Date "2017.07.18"]
[Round "2.4"]
[White "Santos, Antonio Pereira"]
[Black "Cuenca Jimenez, Jose Fernando"]
[Result "0-1"]
[WhiteElo "2237"]
[BlackElo "2498"]
[PlyCount "84"]
[EventDate "2017.07.17"]
[EventType "team-tourn"]
[EventRounds "9"]
[EventCountry "POR"]
[SourceTitle "CBM 179 Extra"]
[Source "ChessBase"]
[SourceDate "2017.08.23"]
[SourceVersion "1"]
[SourceVersionDate "2017.08.23"]
[SourceQuality "1"]
[WhiteTeam "Sporting Clube Portugal"]
[BlackTeam "Mata de Benfica"]
[WhiteTeamCountry "POR"]
[BlackTeamCountry "POR"]

1. d4 Nf6 2. c4 g6 3. Nc3 Bg7 4. e4 d6 5. Be2 O-O 6. Nf3 e5 7. O-O Nc6 8. d5
Ne7 9. b4 a5 10. bxa5 c5 11. Nd2 Rxa5 12. Nb3 Ra6 13. a4 Ne8 14. a5 f5 15. f3
Nf6 16. Bd2 Bd7 17. Qc2 Nh5 18. g3 Nf6 19. Rfb1 h5 20. Nb5 Bc8 21. Rf1 h4 22.
gxh4 f4 23. Kh1 Nh5 24. Rg1 Kh7 25. Rg5 Bf6 26. Rag1 Bxg5 27. Rxg5 Ng8 28. Qb2
Nh6 29. Be1 Nf7 30. Rg1 Rg8 31. Bf1 Ra8 32. Qf2 Bd7 33. Qb2 Rg7 34. Qf2 Qf6 35.
Nc1 Rh8 36. Nc7 g5 37. Rg2 Kg8 38. Kg1 Rh6 39. Rg4 gxh4 40. h3 Ng5 41. Nb5 Ng3
42. Bg2 Bxg4 0-1

[Event "POR-chT"]
[Site "Leiria"]
[Date "2017.07.18"]
[Round "3.2"]
[White "Cuenca Jimenez, Jose Fernando"]
[Black "Martinez Duany, Lelys Stanley"]
[Result "1/2-1/2"]
[WhiteElo "2498"]
[BlackElo "2495"]
[PlyCount "57"]
[EventDate "2017.07.17"]
[EventType "team-tourn"]
[EventRounds "9"]
[EventCountry "POR"]
[SourceTitle "CBM 179 Extra"]
[Source "ChessBase"]
[SourceDate "2017.08.23"]
[SourceVersion "1"]
[SourceVersionDate "2017.08.23"]
[SourceQuality "1"]
[WhiteTeam "Mata de Benfica"]
[BlackTeam "Dias Ferreira"]
[WhiteTeamCountry "POR"]
[BlackTeamCountry "POR"]

1. Nf3 d5 2. d4 Nf6 3. c4 c6 4. e3 Bg4 5. Qb3 Qb6 6. Nh4 dxc4 7. Bxc4 Qxb3 8.
Bxb3 Bd7 9. Nc3 e6 10. Nf3 c5 11. Ne5 cxd4 12. exd4 Nc6 13. Nxd7 Kxd7 14. O-O
Nb4 15. Bg5 Be7 16. a3 Nbd5 17. Bxf6 Nxf6 18. d5 e5 19. Rfe1 Bd6 20. Ba4+ Kd8
21. Nb5 Ke7 22. Nd4 g6 23. Nf3 Nd7 24. Bxd7 Kxd7 25. Nxe5+ Bxe5 26. Rxe5 Rhe8
27. Rae1 Rxe5 28. Rxe5 Rc8 29. g4 1/2-1/2